000 00854nam a2200265 i 4500
003 DO-SdBNP
005 20250710114646.0
007 ta
008 250710b2021 dr a|||| |||| 00| 0 spa d
020 _a9789945807851
040 _aDO-SdBNP
_bspa
_cBNPHU
_erda
041 _aspa
082 4 _axxx
_bC118L
_222
100 1 _aCáceres Castellanos, Evelin,
_eautor
_4aut.
_988312
245 1 0 _aLeo con dibujos I /
_cEvelin Altagracia Cáceres Castellanos ; ilustraciones, Adrianny Almonte.
264 _aRepública Dominicana :
_bAlacta,
_c2021.
300 _a40 páginas :
_bilustraciones;
_c21 cm.
336 _atexto
_btxt
_2rdacontent
337 _asin mediación
_bn
_2rdamedia
338 _avolumen
_bnc
_2rdacarrier
590 _aInventariado, 2025 /LP
700 1 _aAlmonte, Adrianny,
_eilustrador
_4il.
_985092
910 _aLP
942 _2ddc
_cLBS1
999 _c59488
_d59488